000 00370nam a2200145Ia 4500
003 OSt
005 20231218064646.0
008 170524s9999 xx 000 0 und d
020 _a9788184350586
040 _cIIMT UNIVERSIY
100 _aGOSH- SUBRATO
245 0 _aMODERN TRENDS IN JOURNALISM AND MASS COMMUNICATION
260 _bNew Delhi : Adhiyaya
942 _2ddc
_c01
999 _c9437
_d9437